[Event "Sunningdale e2e4 Major"]
[Site "Sunningdale"]
[Date "2011.09.17"]
[Round "3"]
[White "Chadwick, Charles"]
[Black "Georgiev, Ivan1111"]
[Result "1/2-1/2"]
[WhiteElo "1945"]
[BlackElo "1821"]
[PlyCount "85"]
[EventDate "2011.09.16"]
[EventType "swiss"]
[EventRounds "5"]
[EventCountry "ENG"]
[SourceTitle "EXT 2023"]
[Source "ChessBase"]
[SourceDate "2022.10.05"]
[SourceVersion "1"]
[SourceVersionDate "2022.10.05"]
[SourceQuality "1"]

1. Nf3 Nf6 2. g3 b6 3. Bg2 Bb7 4. d3 d5 5. Nbd2 Nbd7 6. 0-0 e5 7. Qe1 Bd6 8. e4 dxe4 9. dxe4 Ba6 10. c4 0-0 11. Qe2 Qe7 12. Nh4 g6 13. b3 Rab8 14. Bb2 Ba3 15. Bxa3 Qxa3 16. Nb1 Qe7 17. Nc3 c6 18. Rad1 Qb4 19. Qf3 Kg7 20. Bh3 Qe7 21. Qe3 Nc5 22. Nf3 Bb7 23. Rfe1 h6 24. Rd2 Rfd8 25. Red1 Rxd2 26. Rxd2 Bc8 27. Bg2 Bg4 28. h3 Bxf3 29. Qxf3 Ne6 30. Ne2 Rd8 31. Qe3 Rxd2 32. Qxd2 Qd7 33. Qxd7 Nxd7 34. f4 Nd4 35. Nc3 f6 36. h4 Nc5 37. Kf2 a5 38. Bf1 Kf7 39. Be2 Ke6 40. Bd1 Kd6 41. Ke3 Ke6 42. Kd2 Kd6 43. Ke3 1/2-1/2

[Event "TH-S-0136"]
[Site "IECC email"]
[Date "2005.08.24"]
[Round "?"]
[White "Chadwick, Charles"]
[Black "Endean, Andrew"]
[Result "1/2-1/2"]
[WhiteElo "1810"]
[BlackElo "1857"]
[PlyCount "28"]
[EventDate "2005.??.??"]
[EventType "tourn (corr)"]
[SourceTitle "Corr 2020"]
[Source "ChessBase"]
[SourceDate "2019.09.30"]
[SourceVersion "1"]
[SourceVersionDate "2019.09.30"]
[SourceQuality "1"]
[WhiteTeam "Australia"]
[BlackTeam "England"]
[WhiteTeamCountry "AUS"]
[BlackTeamCountry "ENG"]

1. d4 d5 2. c4 c6 3. Nf3 dxc4 4. e3 b5 5. a4 e6 6. axb5 cxb5 7. b3 Bb4+ 8. Bd2 Bxd2+ 9. Nbxd2 a5 10. bxc4 b4 11. Ne5 Nf6 12. Qa4+ Bd7 13. Nxd7 Nbxd7 14. c5 0-0 1/2-1/2

[Event "IECC TH-S-0127"]
[Site "IECC email"]
[Date "2005.07.11"]
[Round "?"]
[White "Leenders, Chris"]
[Black "Chadwick, Charles"]
[Result "1-0"]
[WhiteElo "1890"]
[BlackElo "1823"]
[PlyCount "32"]
[EventDate "2005.??.??"]
[EventType "match (corr)"]
[EventRounds "2"]
[SourceTitle "Telechess CBM 143"]
[Source "ChessBase"]
[SourceDate "2011.07.15"]
[SourceVersion "1"]
[SourceVersionDate "2011.07.15"]
[SourceQuality "1"]

1. e4 c6 2. d4 d5 3. e5 Bf5 4. Nf3 e6 5. Be2 c5 6. Be3 Nd7 7. 0-0 Ne7 8. c4 dxc4 9. Na3 Nd5 10. Nxc4 b5 11. Bg5 f6 12. exf6 gxf6 13. Ne3 fxg5 14. Nxf5 exf5 15. Bxb5 N5b6 16. Ne5 Qf6 1-0

[Event "TH-S-0123"]
[Site "IECC email"]
[Date "2005.04.07"]
[Round "?"]
[White "Chadwick, Charles"]
[Black "Camps, Jean Pierre"]
[Result "1-0"]
[WhiteElo "1854"]
[BlackElo "1516"]
[PlyCount "55"]
[EventDate "2005.??.??"]
[EventType "tourn (corr)"]
[SourceTitle "Corr 2020"]
[Source "ChessBase"]
[SourceDate "2019.09.30"]
[SourceVersion "1"]
[SourceVersionDate "2019.09.30"]
[SourceQuality "1"]
[WhiteTeam "Australia"]
[BlackTeam "France"]
[WhiteTeamCountry "AUS"]
[BlackTeamCountry "FRA"]

1. d4 Nf6 2. c4 c5 3. d5 b5 4. Nf3 e6 5. Bg5 h6 6. Bxf6 Qxf6 7. Qc2 b4 8. Nbd2 Bb7 9. e4 e5 10. g3 Be7 11. a3 a5 12. Bh3 0-0 13. 0-0 Qd6 14. Ne1 Qc7 15. Nd3 d6 16. f4 exf4 17. gxf4 Nd7 18. Nf3 g6 19. e5 f5 20. Kh1 Kh7 21. Rg1 Rg8 22. Rae1 Rae8 23. exd6 Qxd6 24. Nde5 Nxe5 25. fxe5 Qa6 26. e6 b3 27. Qd3 Ref8 28. Ne5 1-0

[Event "P-3909"]
[Site "IECC email"]
[Date "2005.03.23"]
[Round "?"]
[White "Chadwick, Charles"]
[Black "Hoefer, Hans Peter"]
[Result "0-1"]
[WhiteElo "1876"]
[BlackElo "2017"]
[PlyCount "44"]
[EventDate "2005.??.??"]
[EventType "tourn (corr)"]
[SourceTitle "Corr 2020"]
[Source "ChessBase"]
[SourceDate "2019.09.30"]
[SourceVersion "1"]
[SourceVersionDate "2019.09.30"]
[SourceQuality "1"]
[WhiteTeam "Australia"]
[BlackTeam "Germany"]
[WhiteTeamCountry "AUS"]
[BlackTeamCountry "GER"]

1. d4 Nf6 2. c4 c5 3. d5 e6 4. Nc3 exd5 5. cxd5 d6 6. Nf3 g6 7. Bf4 a6 8. e4 b5 9. Qe2 Be7 10. Qc2 0-0 11. a4 b4 12. Nb1 Nh5 13. Bh6 Re8 14. Bd3 g5 15. e5 g4 16. Bxh7+ Kh8 17. Nfd2 Bf6 18. Be3 Bxe5 19. Be4 Nd7 20. Nc4 Ndf6 21. Bg5 Bf4 22. Bh4 Bf5 0-1

[Event "TH-S-0036"]
[Site "IECC email"]
[Date "2004.03.18"]
[Round "?"]
[White "Chadwick, Charles"]
[Black "Endean, Andrew"]
[Result "0-1"]
[WhiteElo "1807"]
[BlackElo "1771"]
[PlyCount "66"]
[EventDate "2004.??.??"]
[EventType "tourn (corr)"]
[SourceTitle "Corr 2020"]
[Source "ChessBase"]
[SourceDate "2019.09.30"]
[SourceVersion "1"]
[SourceVersionDate "2019.09.30"]
[SourceQuality "1"]
[WhiteTeam "Australia"]
[BlackTeam "England"]
[WhiteTeamCountry "AUS"]
[BlackTeamCountry "ENG"]

1. d4 Nf6 2. c4 e6 3. Nf3 b6 4. e3 Bb7 5. Bd3 d5 6. 0-0 Bd6 7. b3 0-0 8. Bb2 Nbd7 9. Nc3 a6 10. Rc1 Qe7 11. Ne2 Ne4 12. Nd2 c5 13. Ng3 Nxg3 14. hxg3 cxd4 15. exd4 Nf6 16. Nf3 Rfd8 17. Re1 Bb4 18. Re2 dxc4 19. bxc4 Rac8 20. Qb3 b5 21. c5 Ba5 22. Qa3 Qc7 23. Bb1 Bd5 24. Ne5 Nd7 25. Qd3 Nf8 26. Re3 Ng6 27. g4 Bxa2 28. Bxa2 Nxe5 29. Qe4 Bd2 30. Qxe5 Qxe5 31. Rxe5 Bxc1 32. Bxc1 Rxd4 33. Be3 Ra4 0-1

[Event "IECC TH-M-2393"]
[Site "IECC email"]
[Date "2004.03.07"]
[Round "?"]
[White "Brasileiro, Antonio"]
[Black "Chadwick, Charles"]
[Result "1-0"]
[WhiteElo "1383"]
[BlackElo "1866"]
[PlyCount "49"]
[EventDate "2004.??.??"]
[EventType "match (corr)"]
[EventRounds "2"]
[SourceTitle "Corr 2020"]
[Source "ChessBase"]
[SourceDate "2019.09.30"]
[SourceVersion "1"]
[SourceVersionDate "2019.09.30"]
[SourceQuality "1"]
[WhiteTeam "Brazil"]
[BlackTeam "Australia"]
[WhiteTeamCountry "BRA"]
[BlackTeamCountry "AUS"]

1. d4 Nf6 2. c4 e6 3. Nc3 Bb4 4. e3 b6 5. Bd2 Bb7 6. Nf3 0-0 7. Bd3 c5 8. a3 Bxc3 9. Bxc3 d6 10. 0-0 Ne4 11. Rc1 Nd7 12. b3 Nxc3 13. Rxc3 Nf6 14. Bb1 Ne4 15. Rd3 d5 16. cxd5 Bxd5 17. dxc5 Nxc5 18. Rd4 Nxb3 19. Qc2 g6 20. Rxd5 Qxd5 21. Ba2 Rac8 22. Qb2 Qd3 23. Bxb3 Rc3 24. Ne5 Rxb3 25. Nxd3 1-0

[Event "IECC TH-M-2298"]
[Site "IECC email"]
[Date "2003.11.22"]
[Round "?"]
[White "Chadwick, Charles"]
[Black "Fuhrmann, Andreas"]
[Result "1/2-1/2"]
[WhiteElo "1836"]
[BlackElo "1749"]
[PlyCount "29"]
[EventDate "2003.??.??"]
[EventType "tourn (corr)"]
[SourceTitle "Corr 2020"]
[Source "ChessBase"]
[SourceDate "2019.09.30"]
[SourceVersion "1"]
[SourceVersionDate "2019.09.30"]
[SourceQuality "1"]
[WhiteTeam "Australia"]
[BlackTeam "Germany"]
[WhiteTeamCountry "AUS"]
[BlackTeamCountry "GER"]

1. Nf3 Nf6 2. g3 g6 3. Bg2 Bg7 4. 0-0 c5 5. d3 d5 6. Nbd2 0-0 7. e4 Nc6 8. Re1 e5 9. exd5 Nxd5 10. Nc4 Re8 11. a4 h6 12. Bd2 Nb6 13. Nxb6 Qxb6 14. Qc1 Kh7 15. a5 1/2-1/2

[Event "IECC TH-M-2298"]
[Site "IECC email"]
[Date "2003.11.22"]
[Round "?"]
[White "Fuhrmann, Andreas"]
[Black "Chadwick, Charles"]
[Result "1/2-1/2"]
[WhiteElo "1772"]
[BlackElo "1836"]
[PlyCount "27"]
[EventDate "2003.??.??"]
[EventType "tourn (corr)"]
[SourceTitle "Corr 2020"]
[Source "ChessBase"]
[SourceDate "2019.09.30"]
[SourceVersion "1"]
[SourceVersionDate "2019.09.30"]
[SourceQuality "1"]
[WhiteTeam "Germany"]
[BlackTeam "Australia"]
[WhiteTeamCountry "GER"]
[BlackTeamCountry "AUS"]

1. Nf3 Nf6 2. g3 g6 3. Bg2 Bg7 4. 0-0 c5 5. d3 Nc6 6. e4 0-0 7. Nbd2 d5 8. c3 dxe4 9. dxe4 Bg4 10. Qc2 Qc7 11. Re1 Rad8 12. h3 Bc8 13. a4 e5 14. Nc4 1/2-1/2

[Event "TH-S-0009"]
[Site "IECC email"]
[Date "2003.11.06"]
[Round "?"]
[White "Tew, Paul"]
[Black "Chadwick, Charles"]
[Result "1-0"]
[WhiteElo "2037"]
[BlackElo "1850"]
[PlyCount "67"]
[EventDate "2003.??.??"]
[EventType "tourn (corr)"]
[SourceTitle "Corr 2020"]
[Source "ChessBase"]
[SourceDate "2019.09.30"]
[SourceVersion "1"]
[SourceVersionDate "2019.09.30"]
[SourceQuality "1"]
[WhiteTeam "Wales"]
[BlackTeam "Australia"]
[WhiteTeamCountry "WLS"]
[BlackTeamCountry "AUS"]

1. d4 Nf6 2. Nf3 e6 3. c4 b6 4. g3 Ba6 5. Qb3 Nc6 6. Bd2 Bb7 7. d5 exd5 8. cxd5 Ne7 9. d6 cxd6 10. Nc3 Ned5 11. Bg2 Nxc3 12. Bxc3 d5 13. 0-0 Be7 14. Nd4 0-0 15. Nf5 Bc5 16. Qa4 Bc6 17. Qf4 d4 18. Bxd4 Bxd4 19. Nxd4 Bxg2 20. Kxg2 d5 21. Rac1 Rc8 22. Rxc8 Qxc8 23. Rc1 Qa6 24. Rc6 Ne4 25. a3 Re8 26. Rc7 Nf6 27. e3 Rc8 28. Nc6 Rxc7 29. Qxc7 h6 30. Qxa7 Qe2 31. Qxb6 Ne4 32. Qb8+ Kh7 33. Qf4 Nd2 34. h3 1-0

[Event "IECC TH-M email"]
[Site "IECC email"]
[Date "2003.10.17"]
[Round "?"]
[White "Chadwick, Charles"]
[Black "Raynolds, Pete"]
[Result "1-0"]
[WhiteElo "1837"]
[BlackElo "1564"]
[PlyCount "45"]
[EventDate "2003.??.??"]
[EventType "match (corr)"]
[EventRounds "2"]
[SourceTitle "Corr 2008"]
[Source "ChessBase"]
[SourceDate "2008.06.24"]
[SourceVersion "1"]
[SourceVersionDate "2008.06.24"]
[SourceQuality "1"]

1. c4 c5 2. Nf3 Nf6 3. Nc3 e6 4. g3 b6 5. Bg2 Bb7 6. 0-0 Be7 7. d4 cxd4 8. Qxd4 d6 9. Bg5 a6 10. Bxf6 Bxf6 11. Qf4 0-0 12. Rfd1 Be7 13. Ne4 Bxe4 14. Qxe4 Ra7 15. Nd4 Qc8 16. b3 Qc5 17. Rd2 Bf6 18. Rad1 Rc7 19. e3 Rd8 20. Nxe6 fxe6 21. Qxe6+ Rf7 22. Rxd6 Rxd6 23. Rxd6 1-0

[Event "IECC KO email"]
[Site "IECC email"]
[Date "2003.02.27"]
[Round "?"]
[White "Chadwick, Charles"]
[Black "Blackmore, Graham"]
[Result "1-0"]
[WhiteElo "1878"]
[BlackElo "1041"]
[PlyCount "47"]
[EventDate "2003.??.??"]
[EventType "tourn (corr)"]
[EventRounds "6"]
[SourceTitle "Corr 2008"]
[Source "ChessBase"]
[SourceDate "2008.06.24"]
[SourceVersion "1"]
[SourceVersionDate "2008.06.24"]
[SourceQuality "1"]

1. d4 d5 2. Nf3 c5 3. c4 cxd4 4. cxd5 Qa5+ 5. Qd2 Qxd5 6. Nc3 Qd8 7. Qxd4 Nc6 8. Qxd8+ Nxd8 9. Nb5 Ne6 10. Ng5 Nxg5 11. Bxg5 f6 12. Nc7+ Kd8 13. Nxa8 fxg5 14. Rd1+ Bd7 15. g3 Kc8 16. Rc1+ Bc6 17. Bg2 Kb8 18. Bxc6 bxc6 19. Rxc6 e5 20. Nc7 Bb4+ 21. Kd1 Ne7 22. Rc2 Rd8+ 23. Kc1 Ba5 24. Ne6 1-0

[Event "IECC TH-M email"]
[Site "IECC email"]
[Date "2003.02.14"]
[Round "?"]
[White "Chadwick, Charles"]
[Black "Fuhrmann, Andreas"]
[Result "1-0"]
[WhiteElo "1870"]
[BlackElo "1766"]
[PlyCount "107"]
[EventDate "2003.??.??"]
[EventType "match (corr)"]
[EventRounds "2"]
[SourceTitle "Corr 2008"]
[Source "ChessBase"]
[SourceDate "2008.06.24"]
[SourceVersion "1"]
[SourceVersionDate "2008.06.24"]
[SourceQuality "1"]

1. Nf3 d5 2. g3 c5 3. Bg2 Nc6 4. 0-0 e5 5. d3 Nf6 6. e4 Be7 7. exd5 Nxd5 8. Re1 f6 9. c3 0-0 10. d4 cxd4 11. Nxd4 exd4 12. Qb3 Kh8 13. Qxd5 Qxd5 14. Bxd5 Bc5 15. b4 Bb6 16. Bxc6 bxc6 17. Bb2 d3 18. Re7 Bg4 19. Nd2 Rfe8 20. Rae1 Be2 21. Rd7 Rad8 22. Rxd8 Rxd8 23. c4 Bd4 24. Bxd4 Rxd4 25. a4 Kg8 26. b5 cxb5 27. axb5 Kf8 28. Ra1 Rd7 29. f4 Ke7 30. Kf2 Bg4 31. Ke3 Kd8 32. Nb3 Bf5 33. Kd2 Kc8 34. c5 Kb8 35. Ra4 Rd5 36. Rd4 Rxd4 37. Nxd4 Be4 38. Ne6 g6 39. Nf8 a5 40. bxa6 Ka7 41. Nxh7 f5 42. Nf8 Kxa6 43. Nxg6 Kb5 44. Ne5 Kxc5 45. Nxd3+ Kd6 46. Ke3 Ke7 47. Nf2 Bc6 48. h3 Kf7 49. g4 Bd7 50. Kd4 Kf6 51. g5+ Kg6 52. Ke5 Bb5 53. Nh1 Bd7 54. Ng3 1-0